| 000 | 01242nam a2200325Ia 4500 | ||
|---|---|---|---|
| 001 | ebr10387203 | ||
| 003 | CaPaEBR | ||
| 006 | m u | ||
| 007 | cr cn||||||||| | ||
| 008 | 100114s2010 nyua s 001 0 eng d | ||
| 010 | _z 2009053581 | ||
| 020 | _z9780814416433 (hbk.) | ||
| 020 | _z0814416438 (hbk.) | ||
| 040 |
_aCaPaEBR _cCaPaEBR |
||
| 035 | _a(OCoLC)635947345 | ||
| 050 | 1 | 4 |
_aHF5549 _b.F557 2010eb |
| 082 | 0 | 4 |
_a658.3 _222 |
| 100 | 1 | _aFitz-enz, Jac. | |
| 245 | 1 | 4 |
_aThe new HR analytics _h[electronic resource] : _bpredicting the economic value of your company's human capital investments / _cJac Fitz-enz. |
| 260 |
_aNew York : _bAMACOM, _cc2010. |
||
| 300 |
_axxv, 342 p. : _bill. |
||
| 500 | _aIncludes index. | ||
| 533 |
_aElectronic reproduction. _bPalo Alto, Calif. : _cebrary, _d2010. _nAvailable via World Wide Web. _nAccess may be limited to ebrary affiliated libraries. |
||
| 650 | 0 | _aPersonnel management. | |
| 650 | 0 |
_aHuman capital _xManagement. |
|
| 650 | 0 |
_aHuman capital _xCost effectiveness. |
|
| 655 | 7 |
_aElectronic books. _2local |
|
| 710 | 2 | _aebrary, Inc. | |
| 856 | 4 | 0 |
_uhttp://site.ebrary.com/lib/rucke/Doc?id=10387203 _zAn electronic book accessible through the World Wide Web; click to view |
| 999 |
_c205529 _d205529 |
||